01627nam a2200361 a 4500001001000000003000500010005001700015008004100032010001100073011001100084040000900095090001000104100003800114245018300152260004100335500006000376502012800436590004100564590004100605590004100646590004000687590004000727650003200767650004800799650003000847856007000877901000700947942001000954942000600964999001900970952014000989952013601129000109298CHAP20220329144045.0140416s2013 mx a sm |||||||spa d a105760 a106732 cCHAP aTesis1 aSoria Hernández, Marlyn912664710aCambios fisiológicos y anatómicos en avena y frijol por la apliación de etractos de hojas de gobernadora (Larrea tridentata D.C.) /h[En línea]cMarlyn Soria Hernández. aChapingo, Méx. :bEl autor,c2013. aPara ver el contenido del material haga clic en la liga aTesis (Ing. Agr. Esp. en Agroecología) -- UACH. Departamento de Enseñanza, Investigación y Servicio en Agroecología aBATCH-UPDb10c20141002lUCH01h0901 aE11695DGDb10c20140428lUCH01h1219 aE11695DGDb10c20141103lUCH01h0925 aE5652GLJb05c20140416lUCH01h0922 aE5652GLJb05c20140416lUCH01h092314aExtractos vegetales.93921414aFrijolxFisiología y morfología.94338014aLarrea tridentata.964959 aFinding aiduhttp://10.13.5.2/tesis/sist109298.pdfzTeclea aquí aBK cTESIS n0 c105760d105760 00102local4053708TESISaBCbBCcPA_TESISd2014-04-16fTESISl0oTesisp33724002389215r2019-12-31 00:00:00tc.2w2019-12-31yTESIS 00104054718TESISaBCbBCd2014-04-16fTESISl0oTesisp33724002389256r2019-12-31 00:00:00w2019-12-31yTESISzRecien adquirido